00895nam a22002177a 4500003000400000005001700004008004100021010001500062020001800077040002000095082001100115100002400126245009500150250001000245260011600255300001900371504003700390520019900427650002300626650002800649OSt20130618133217.0130605b2013 ve il. g ||||z00| 0 spa d a2012541596 a9789800304297 cIAVHbspadIAVH a333.851 aBruckmann, Mónica10aRecursos Naturales y la Geopolítica de la Integración SudamericanacMónica Bruckmann a1 ed. aLima, PerúbInstituto de Investigaciones Sociales PerumundobFondo Editorial José Carlos Mariáteguic2012 a147 p.c21 cm. aIncluye bibliografía (147-154) aLa autora asume la discusión de uno de los temas estratégicos de la contemporaneidad en nuestra América: los recursos naturales y su demanda de explotación por el capital transnacional. 0aRecursos Naturales 0aGeopoliticaxSudamerica